00354nam a2200157Ia 4500003000400000005001700004008004100021020001800062040000900080082002000089100001400109245002300123260003200146300000800178650001000186OSt20201127101840.0190216s9999||||xx |||||||||||||| ||und|| a9788124015865 coclc a894.8123bJOH/U aJohn, T C 0aUratty /cT C John bDc Books,aKottayam:c2005. a78p aNovel